A new dawn? (Record no. 75656)

MARC details
000 -LEADER
fixed length control field 01489cab a2200217 4500
001 - CONTROL NUMBER
control field L130501
008 - FIXED-LENGTH DATA ELEMENTS--GENERAL INFORMATION
fixed length control field 050808n2005 000 0 eng u
035 ## - SYSTEM CONTROL NUMBER
System control number (Sirsi) u130501
041 ## - LANGUAGE CODE
Language code of text/sound track or separate title eng
100 ## - MAIN ENTRY--PERSONAL NAME
Personal name Dutch, Claire
245 #2 - TITLE STATEMENT
Title A new dawn?
260 ## - PUBLICATION, DISTRIBUTION, ETC.
Date of publication, distribution, etc. 2005
490 ## - SERIES STATEMENT
Series statement Estates Gazette
Volume/sequential designation (0530) 30 July 2005, 80-82(3)
520 ## - SUMMARY, ETC.
Summary, etc. Discusses the efficacy of the Planning and Compulsory Purchase Act 2004 in reforming the planning system to make it fairer, faster and more efficient. Looks at the effect the Act has had on development plans, and development control provisions such as temporary stop notices, SoS provisions, correction of errors and compulsory purchase. Continues with a look at future changes in local development orders, outline planning permissions, duration of planning permissions, planning obligations, twin tracking, mezzanines, the end to Crown immunity, the standard application form and major planning applications. Concludes that although the reforms are aimed at improving the efficiency of the planning system, some consider the changes impose further burdens on under-resourced local authority planning departments.
590 ## - LOCAL NOTE (RLIN)
Local note IKA160805
650 ## - SUBJECT ADDED ENTRY--TOPICAL TERM
Topical term or geographic name entry element PLANNING AND COMPULSORY PURCHASE ACT 2004
650 ## - SUBJECT ADDED ENTRY--TOPICAL TERM
Topical term or geographic name entry element R (ON THE APPLICATION OF MARTIN GRANT HOMES LTD) V WEALDEN DC
650 ## - SUBJECT ADDED ENTRY--TOPICAL TERM
Topical term or geographic name entry element NORTHAMPTON BC V SOS HOME DEPARTMENT AND ANOTHER
690 ## - LOCAL SUBJECT ADDED ENTRY--TOPICAL TERM (OCLC, RLIN)
Topical term or geographic name as entry element ENVIRONMENTAL AND LAND CONSULTANCY-PLANNING AND DEVELOPMENT-PLANNING REFORM
942 ## - ADDED ENTRY ELEMENTS (KOHA)
Suppress in OPAC 0
Holdings
Withdrawn status Lost status Source of classification or shelving scheme Damaged status Not for loan Home library Current library Shelving location Date acquired Total Checkouts Full call number Barcode Date last seen Copy number Price effective from Koha item type
    Dewey Decimal Classification     London London Journal article 08/08/2005   L130501 130501-1001 06/08/2019 1 06/08/2019 Journal article